000
00316nam a2200133Ia 4500
008
230511s2014 xx 000 0 und d
041
_a
eng
082
_a
343.057
100
_a
Divekar G M
245
_a
The Maharashtra Stamp Act
260
_a
Pune
_b
Hind Law House
_c
2014
300
_a
623
906
_a
Stamp Act
999
_c
351669
_d
351669